Регионална библиотека "Любен Каравелов" - Русе

Приказки по заповед (Запис номер 136303)

MARC детайли
000 -Лидер
Контролно поле с фиксирана дължина 01148nam a2200289 c 4500
003 - Код на организацията, давaща контролен номер
Контролно поле BLK
005 - Дата и час на последна редакция
Контролно поле 20180422111948.0
008 - Елементи от данни с фиксирана дължина
fixed length control field 180409b bul|||||r ||||||| ||bul||
010 ## - Наследен системен номер
LC control number KNG00142243000
040 ## - Източник на каталожния запис
Идентификатор на билиотеката - собственик на записа BLK
041 ## - Код за език
Код за езика на текст/звукозапис или на отделно заглавие Български
Код за езика КДБФ Български
080 ## - УДК
Текстов определител УДК Българска литература
УДК код - определител по УДК 821.163.2
УДК определител -93-34
УДК - код + определител 821.163.2-93-34
100 1# - Редна дума - Автор
Автор Голев, Иван Владимиров
Авторска отговорност първи автор
R(LIN) 371462
139 ## - Редно поле
Редна дума Голев, Иван Владимиров
Авторски знак Гол - Г 63
245 10 - Сведения за заглавието
Заглавие Приказки по заповед
Редно поле (дума) Иван Владимиров Голев; худож. Никифор Русков.
257 ## - Страна на издаване
Страна на създаване/издаване България
260 ## - Област на издателските данни
-- София
Име на издателя, разпространителя и проч. Отечество
Година на издаване 1983
Печатница В. Търново : Д. Найденов
300 ## - Физическа характеристика
Страници 55 с.
Илюстрации и др. с ил.
Размери/Мащаб 20 см
380 ## - Жанр
Жанр Детска худож. лит.
500 ## - Общи забележки
Забележка 15 115 тир.
700 1# - Други автори (авторска отговорност)
Лично име Русков, Никифор
Автороска отговорност (Описва отношението между автора и произведението) худож.
9 (RLIN) 364263
852 ## - Местоположение
Форматна сигнатура Цб 257850
856 4# - Електронен адрес и достъп
Електронен формат pdf - файл
Път до файла /url/
856 4# - Електронен адрес и достъп
Електронен формат pdf - файл
Път до файла /url/
942 ## - АРТИКУЛИ
Вид на библиотечния материал Книги
Скрит в OPAC Не
944 ## - СЪЗДАВАНЕ И РЕДАКЦИЯ на ЗАПИСА
Създаване/Редакция Създаване
Дата на регистрацията/редакция 18.04.2013
Статус, дата на статуса 18.04.2013 - от С1,Р / 18.04.2013
Служител, извършил регистрацията/редакцията Ирена_Русанова
944 ## - СЪЗДАВАНЕ И РЕДАКЦИЯ на ЗАПИСА
Създаване/Редакция Редакция
Дата на регистрацията/редакция 21.09.2017
Статус, дата на статуса 18.04.2013 - от С1,Р / 18.04.2013
Служител, извършил регистрацията/редакцията Севдалина_Василева
999 ## - СИСТЕМНИ КОНТРОЛНИ НОМЕРА
Koha biblionumber 136303
Koha biblioitemnumber 136303
Наличности
Код за отписване Код за изгубен артикул Източник на класификационната схема Код за повреда Коз за рестрикции Код за отдаване Артикулен № Име на библиотеката - собственик Име на библиотеката, в която се намира в момента Статус (Текущо местоположение) Дата на вписване в системата Местоположение - отдел Цена в лева Инвентарен номер Систематично азбучна сигнатура Баркод Номер на екземпляра Цена в евро Служебна бележка Служебен тип на артикула Бележка за публиката
  Не е изгубен Universal Decimal Classification Не е повреден без рестрикции ползва се в читалня 222736 Регионална библиотека "Любен Каравелов" Русе Регионална библиотека "Любен Каравелов" Русе Хранилище 1983-01-01 Хранилище 0.24 374508 Цб 257850 120000374508 1 0.12 N: стар фонд Дата: 01.01.1983 Книги  
Изтеглен Не е изгубен   Не е повреден без рестрикции заемане за дома 222737 Регионална библиотека "Любен Каравелов" Русе Регионална библиотека "Любен Каравелов" Русе   1983-01-01 Детски отдел 0.24 375068 ДХ 886.7/Г 63 375068 2 0.12 N: стар фонд Дата: 01.01.1983 Дата инв: 23.09.2015 Бележки инв: Д2015 Книги Отч.N: 39/2017 , Дата: 07.09.2017
Изтеглен Не е изгубен Universal Decimal Classification Не е повреден без рестрикции заемане за дома 222738 Регионална библиотека "Любен Каравелов" Русе Регионална библиотека "Любен Каравелов" Русе Детски отдел 1983-01-01 Детски отдел 0.24 375069 ДХ 886.7/Г 63 375069 3 0.12 N: стар фонд Дата: 01.01.1983 Дата инв: 23.09.2015 Бележки инв: Д2015 Книги  
Изтеглен Не е изгубен Universal Decimal Classification Не е повреден без рестрикции заемане за дома 222739 Регионална библиотека "Любен Каравелов" Русе Регионална библиотека "Любен Каравелов" Русе Детски отдел 1983-01-01 Детски отдел 0.24 375070 ДХ 886.7/Г 63 120000375070 4 0.12 N: стар фонд Дата: 01.01.1983 Дата инв: 23.09.2015 Бележки инв: Д2015 Книги  
Изтеглен Не е изгубен   Не е повреден без рестрикции заемане за дома 222740 Регионална библиотека "Любен Каравелов" Русе Регионална библиотека "Любен Каравелов" Русе   1983-01-01 Детски отдел 0.24 375071 ДХ 886.7/Г 63 375071 5 0.12 N: стар фонд Дата: 01.01.1983 Дата инв: 23.09.2015 Бележки инв: Д2015 Книги Отч.N: 39/2017 , Дата: 07.09.2017
Изтеглен Не е изгубен   Не е повреден без рестрикции заемане за дома 222741 Регионална библиотека "Любен Каравелов" Русе Регионална библиотека "Любен Каравелов" Русе   1983-01-01 Детски отдел 0.24 567727 ДХ 886.7/Г 63 567727 6 0.12 N: стар фонд Дата: 01.01.1983 Дата инв: 01.09.2015 Бележки инв: Д2015 Книги Отч.N: 25/2017 , Дата: 11.08.2017
Vip Innovations Ltd, Rousse, Bulgaria 2025